000 00443nam a22001817a 4500
003 NUST - PNEC
005 20170116180818.0
008 150611b xxu||||| |||| 00| 0 eng d
020 _a-
040 _cLIBRARY
082 _a510 KRE
100 _98105
_aKreyszig, Erwin
245 _aAdvanced engineering mathematics
_cKreyszig, Erwin
250 _a3rd ed.
260 _cc.1972
650 _93902
_aMathematics
_xGeneral
942 _2ddc
_cBK
999 _c63630
_d63630